Materská škola

Saved in:
Bibliographic Details
Main Author: Hudák, Kamil (Author)
Other Authors: Ingeli, Rastislav (Thesis advisor)
Format: Manuscript Book
Language:Slovak
Published: 2024
Subjects:
Online Access:http://is.stuba.sk/zp/portal_zp.pl?podrobnosti=177033
https://opac.crzp.sk/?fn=detailBiblioForm&sid=AA0D9432EF6DE826CF191E4F11D3
Tags: Add Tag
No Tags, Be the first to tag this record!

MARC

LEADER 00000ntm a22000003a 4500
001 stuzp99248
003 SK-STU
005 20240920105618.0
007 ta
008 150427s2015----xo-----f-mn---000-0-slo-d
040 |a STU  |b slo 
041 0 |a slo 
100 1 |a Hudák, Kamil  |u 010180  |4 aut  |U SvF Stavebná fakulta  |T SvF Katedra konštrukcií pozemných stavieb  |X 122066  |U V180  |Y 18  |7 122066 
242 0 1 |a KINDERGARTEN  |y eng 
245 1 0 |a Materská škola 
260 |c 2024 
650 4 |a materská škola  |2 slo 
650 4 |a realizačný projekt  |2 slo 
650 4 |a extenzívna vegetačná strecha  |2 slo 
650 4 |a kindergarten  |2 eng 
650 4 |a implementation project  |2 eng 
650 4 |a extensive vegetative roof  |2 eng 
700 1 |a Ingeli, Rastislav  |u 010180  |k Z1  |4 ths  |U SvF Stavebná fakulta  |T SvF Katedra konštrukcií pozemných stavieb  |X 23863  |U V180  |Y 18  |7 A000023863 
856 4 |u http://is.stuba.sk/zp/portal_zp.pl?podrobnosti=177033 
856 4 |u https://opac.crzp.sk/?fn=detailBiblioForm&sid=AA0D9432EF6DE826CF191E4F11D3